| 000 | 00352nam a22001097a 4500 | ||
|---|---|---|---|
| 082 |
_a670.294 _bSTE |
||
| 100 |
_aSterling multitechnologies limited _945249 |
||
| 245 | _aRS. 1997 catlogue Sterling multitechnologies limited | ||
| 260 |
_aLondon: _bSterling multitechnologies limited _c1997 |
||
| 526 |
_a0 _b0 _c0 _d670_294000000000000_STE |
||
| 942 |
_2ddc _cBK |
||
| 999 |
_c548821 _d548821 |
||